The not-just-anybody family / (Record no. 797605)

MARC details
000 -LEADER
fixed length control field 00746nam a22002417b 4500
003 - CONTROL NUMBER IDENTIFIER
control field 3228
005 - DATE AND TIME OF LATEST TRANSACTION
control field 20260504101515.0
008 - FIXED-LENGTH DATA ELEMENTS--GENERAL INFORMATION
fixed length control field 260504b sa ||||j |||| 00| 1 eng d
020 ## - INTERNATIONAL STANDARD BOOK NUMBER
International Standard Book Number 9780435123840 (hardback)
040 ## - CATALOGING SOURCE
Original cataloging agency MPL
Language of cataloging eng
Transcribing agency 3228
Description conventions Resource Description and Access
041 ## - LANGUAGE CODE
Language code of text/sound track or separate title English
082 #0 - DEWEY DECIMAL CLASSIFICATION NUMBER
Classification number ETF BYAR
100 ## - MAIN ENTRY--PERSONAL NAME
9 (RLIN) 59400
Personal name Byars, Betsy
Relator term author
245 ## - TITLE STATEMENT
Title The not-just-anybody family /
Statement of responsibility, etc. Betsy Byars
260 ## - PUBLICATION, DISTRIBUTION, ETC.
Place of publication, distribution, etc. Oxford :
Name of publisher, distributor, etc. Heinemann New Windmills ,
Date of publication, distribution, etc. ©1986,
-- 1992.
300 ## - PHYSICAL DESCRIPTION
Extent 158 pages : 5 unnumbered pages :
Dimensions 19 cm
490 ## - SERIES STATEMENT
Series statement Heineman New Windmills Series
655 #0 - INDEX TERM--GENRE/FORM
9 (RLIN) 188476
Genre/form data or focus term Youth Fiction
655 #0 - INDEX TERM--GENRE/FORM
9 (RLIN) 188624
Genre/form data or focus term Family Stories
655 #0 - INDEX TERM--GENRE/FORM
9 (RLIN) 188670
Genre/form data or focus term Human Relations Fiction
655 #0 - INDEX TERM--GENRE/FORM
9 (RLIN) 188659
Genre/form data or focus term Adventure Stories
942 ## - ADDED ENTRY ELEMENTS
Source of classification or shelving scheme Dewey Decimal Classification
item type Books
-- 296
-- Phillipina Naude
-- 296
-- Phillipina Naude
Holdings
Withdrawn status Lost status Source of classification or shelving scheme Damaged status Not for loan Collection code Home library Current library Shelving location Date acquired Total Checkouts Full call number Barcode Date last seen Price effective from item type Public note
    Dewey Decimal Classification     Fiction Klipfontein PL (MMID-PLEM-KLIP) Klipfontein PL (MMID-PLEM-KLIP) Children's Area 04.05.2026   ETF BYAR 33228001576287 04.05.2026 04.05.2026 Books 9300088 0014